Les Aliments noirs par images - Statistiques

Statistiques générales
  • Ce quiz a été pris 831 fois
  • Le résultat moyen est 12 sur 16
Statistiques - réponses
Par images Réponse % Correct
Cerise
98%
Gousse de vanille | vanille
98%
Réglisse
97%
Aubergine
96%
Raisin
96%
Maïs
94%
Olive
93%
Boudin
90%
Mure
88%
Poivre
74%
Datte
73%
Caviar
68%
Truffe
59%
Graine de sésame | Sésame
38%
Cassis
37%
Haricot
16%
Aucun quiz correspondant
Distribution des résultats
% des personnes avec chaque résultat
Percentile par nombre de réponses
Votre historique - résultats
Vous n’avez pas pris ce quiz